000 00747nam a2200217Ia 4500
003 OSt
005 20260421101810.0
008 160316s2000 xxu||||| |||| 00| 0 eng d
040 _cn
082 _a330 MIT
100 _aMithani, D. M.
245 _aEconomic theory /
_cD. M. Mithani and R.G. Desai
250 _a4th ed.
260 _aMumbai :
_bHimalaya Publishing House,
_c2000.
300 _a509 p. ;
_c23 cm.
365 _bRs.115
505 _aModule I: Positive and Normative Economics Module II: Demand and Supply Module III: Markets and Price Determination Module IV: Theories of Income, Employment and Prices; Module V Money, Banks and Public Finance
650 _aEconomics
700 _aDesai, R. G.
_a
942 _2ddc
_cBK
999 _c19048
_d19048